[Event "Amsterdam Chess Tournament 2005"]
[Site "Amsterdam NED"]
[Date "2005.07.19"]
[Round "4.13"]
[White "Nijboer, Friso"]
[Black "Gullaksen, Eirik T"]
[Result "1-0"]
[WhiteElo "2529"]
[BlackElo "2382"]
[PlyCount "63"]
[EventDate "2005.07.16"]
[EventType "tourn"]
[EventRounds "9"]
[EventCountry "NED"]
[Source "lmi"]
[SourceDate "2005.07.25"]

1. e4 e5 2. Nf3 Nc6 3. Bb5 a6 4. Ba4 Nf6 5. O-O b5 6. Bb3 Bc5 7. c3 d6 8. a4
Rb8 9. d4 Bb6 10. a5 Ba7 11. h3 O-O 12. Be3 Ra8 13. Qd3 Bb7 14. Nbd2 Re8 15.
Ng5 Re7 16. f4 h6 17. fxe5 dxe5 18. Nxf7 Rxf7 19. Bxf7+ Kxf7 20. d5 Bxe3+ 21.
Qxe3 Ne7 22. c4 bxc4 23. Nxc4 Ng6 24. d6 Bc8 25. dxc7 Qxc7 26. Nb6 Qa7 27.
Rxf6+ Kxf6 28. Qf2+ Kg5 29. Rf1 Be6 30. Qg3+ Kh5 31. Rf5+ Bxf5 32. exf5 1-0

[Event "Amsterdam Chess Tournament 2005"]
[Site "Amsterdam NED"]
[Date "2005.07.19"]
[Round "4.15"]
[White "Dambacher, Martyn"]
[Black "Van der Wiel, John"]
[Result "1/2-1/2"]
[WhiteElo "2388"]
[BlackElo "2508"]
[PlyCount "41"]
[EventDate "2005.07.16"]
[EventType "tourn"]
[EventRounds "9"]
[EventCountry "NED"]
[Source "lmi"]
[SourceDate "2005.07.25"]

1. d4 Nf6 2. c4 e6 3. Nc3 Bb4 4. e3 c5 5. Bd3 Nc6 6. Nge2 cxd4 7. exd4 d5 8.
cxd5 Nxd5 9. O-O O-O 10. Nxd5 exd5 11. Nf4 Bd6 12. Re1 Re8 13. Rxe8+ Qxe8 14.
Be3 Bxf4 15. Bxf4 Nxd4 16. Bxh7+ Kxh7 17. Qxd4 Qe4 18. Qd2 Be6 19. Re1 Qf5 20.
Be5 Rc8 21. Bc3 1/2-1/2

[Event "Amsterdam Chess Tournament 2005"]
[Site "Amsterdam NED"]
[Date "2005.07.19"]
[Round "4.17"]
[White "Koster, Ramon"]
[Black "Janssen, Ruud"]
[Result "0-1"]
[WhiteElo "2335"]
[BlackElo "2501"]
[PlyCount "84"]
[EventDate "2005.07.16"]
[EventType "tourn"]
[EventRounds "9"]
[EventCountry "NED"]
[Source "lmi"]
[SourceDate "2005.07.25"]

1. d4 d5 2. c4 e6 3. Nc3 Nf6 4. cxd5 exd5 5. Bg5 Be7 6. e3 O-O 7. Bd3 Nbd7 8.
Nge2 c6 9. Qc2 Re8 10. O-O Nf8 11. f3 Be6 12. Bh4 Rc8 13. Rad1 a6 14. Kh1 b5
15. Nf4 N6d7 16. Bf2 Bd6 17. Nce2 c5 18. Qd2 c4 19. Bc2 b4 20. e4 Nb6 21. e5
Be7 22. Nh5 a5 23. Neg3 c3 24. bxc3 Rxc3 25. Bd3 Bh4 26. Nxg7 Rxd3 27. Qxd3
Kxg7 28. Nh5+ Kh8 29. Bxh4 Qxh4 30. Qb5 Nfd7 31. Ng3 Nc4 32. f4 f5 33. Rf3 Qe7
34. Re1 Qf7 35. Nf1 Rb8 36. Qc6 Ndb6 37. Ne3 Rc8 38. Qb5 Qc7 39. Nxc4 dxc4 40.
Qxa5 Nd5 41. Qa6 Qc6 42. Qa7 Ra8 0-1

[Event "Amsterdam Chess Tournament 2005"]
[Site "Amsterdam NED"]
[Date "2005.07.19"]
[Round "4.19"]
[White "Holzke, Frank"]
[Black "Lyell, Mark"]
[Result "0-1"]
[WhiteElo "2478"]
[BlackElo "2194"]
[PlyCount "70"]
[EventDate "2005.07.16"]
[EventType "tourn"]
[EventRounds "9"]
[EventCountry "NED"]
[Source "lmi"]
[SourceDate "2005.07.25"]

1. e4 e5 2. Nf3 Nc6 3. Bb5 f5 4. Nc3 fxe4 5. Nxe4 Nf6 6. Nxf6+ Qxf6 7. Qe2 Be7
8. Bxc6 dxc6 9. Nxe5 Bf5 10. O-O O-O-O 11. d3 Rhe8 12. f4 g5 13. Qf2 Rd5 14. d4
g4 15. c4 Rdd8 16. Bd2 h5 17. Bc3 Qf8 18. b4 Kb8 19. Qb2 Ka8 20. a4 h4 21. a5
a6 22. b5 cxb5 23. cxb5 Rd5 24. bxa6 bxa6 25. Qe2 Rb5 26. h3 gxh3 27. Qf3+ c6
28. Rfe1 Bc8 29. gxh3 Bd6 30. Kh2 Bxe5 31. Rxe5 Rexe5 32. dxe5 Rb3 33. Qxc6+
Bb7 34. Qc4 Rxc3 35. Qxc3 Qg8 0-1

[Event "Amsterdam Chess Tournament 2005"]
[Site "Amsterdam NED"]
[Date "2005.07.19"]
[Round "4.20"]
[White "Van der Plas, Rob"]
[Black "Avrukh, Boris"]
[Result "0-1"]
[WhiteElo "2209"]
[BlackElo "2652"]
[PlyCount "52"]
[EventDate "2005.07.16"]
[EventType "tourn"]
[EventRounds "9"]
[EventCountry "NED"]
[Source "lmi"]
[SourceDate "2005.07.25"]

1. d4 Nf6 2. c4 g6 3. Nc3 Bg7 4. e4 d6 5. f4 O-O 6. Nf3 Na6 7. e5 Nd7 8. Be2 c5
9. exd6 exd6 10. d5 Nc7 11. O-O Nf6 12. Bd3 b5 13. cxb5 a6 14. bxa6 Bxa6 15. f5
Qb8 16. Rb1 Qb7 17. Bg5 Ncxd5 18. Ne4 Bxd3 19. Qxd3 Qa6 20. Nxf6+ Nxf6 21. Qxa6
Rxa6 22. a3 Ne4 23. Rfe1 gxf5 24. Bc1 Rb8 25. Nh4 Bc3 26. Rd1 Bf6 0-1

[Event "Amsterdam Chess Tournament 2005"]
[Site "Amsterdam NED"]
[Date "2005.07.19"]
[Round "4.21"]
[White "Purnama, Tirta Chandra"]
[Black "Al Sayed, Mohamad N"]
[Result "1-0"]
[WhiteElo "2337"]
[BlackElo "2478"]
[PlyCount "73"]
[EventDate "2005.07.16"]
[EventType "tourn"]
[EventRounds "9"]
[EventCountry "NED"]
[Source "lmi"]
[SourceDate "2005.07.25"]

1. d4 Nf6 2. c4 g6 3. Nf3 Bg7 4. g3 O-O 5. Bg2 d6 6. O-O a6 7. Nc3 Nc6 8. h3
Rb8 9. e4 Nd7 10. Rb1 Na5 11. Qe2 c5 12. Rd1 Nc6 13. Be3 cxd4 14. Nxd4 Nxd4 15.
Bxd4 Bxd4 16. Rxd4 Re8 17. Rbd1 b6 18. Qe3 Bb7 19. Qh6 Ne5 20. f4 Nc6 21. R4d2
Qc8 22. Kh2 Na5 23. b3 b5 24. f5 Rd8 25. h4 b4 26. Nd5 Bxd5 27. Rxd5 Nc6 28.
fxg6 hxg6 29. Bh3 e6 30. h5 Ne5 31. hxg6 Nxg6 32. Rg5 Qd7 33. e5 Qe7 34. Rd4
dxe5 35. Rh4 Qf6 36. Rxg6+ Qxg6 37. Qh8# 1-0

[Event "Amsterdam Chess Tournament 2005"]
[Site "Amsterdam NED"]
[Date "2005.07.19"]
[Round "4.22"]
[White "Hoffmann, Michael"]
[Black "Martyn, Rafe"]
[Result "1-0"]
[WhiteElo "2475"]
[BlackElo "2340"]
[PlyCount "59"]
[EventDate "2005.07.16"]
[EventType "tourn"]
[EventRounds "9"]
[EventCountry "NED"]
[Source "lmi"]
[SourceDate "2005.07.25"]

1. e4 c6 2. d4 d5 3. Nc3 dxe4 4. Nxe4 Nd7 5. Ng5 e6 6. Bd3 Be7 7. N1f3 h6 8.
Ne4 Ngf6 9. Nxf6+ Bxf6 10. O-O b6 11. Qe2 Bb7 12. Ne5 Bxe5 13. dxe5 Qc7 14. Re1
c5 15. a4 Qc6 16. Qg4 O-O-O 17. a5 h5 18. Qh3 Qc7 19. axb6 axb6 20. Bg5 Rde8
21. Be4 Bxe4 22. Rxe4 Nb8 23. Qf3 Qb7 24. b4 f6 25. exf6 gxf6 26. bxc5 fxg5 27.
cxb6 Qxb6 28. Rc4+ Kd8 29. Qf6+ Kd7 30. Rd1+ 1-0

[Event "Amsterdam Chess Tournament 2005"]
[Site "Amsterdam NED"]
[Date "2005.07.19"]
[Round "4.23"]
[White "Ernst, Sipke"]
[Black "Schmitz, Henk"]
[Result "1-0"]
[WhiteElo "2457"]
[BlackElo "2306"]
[PlyCount "78"]
[EventDate "2005.07.16"]
[EventType "tourn"]
[EventRounds "9"]
[EventCountry "NED"]
[Source "lmi"]
[SourceDate "2005.07.25"]

1. Nf3 g6 2. c4 Bg7 3. Nc3 d6 4. g3 Nf6 5. Bg2 O-O 6. O-O e5 7. d4 Nbd7 8. Qc2
c6 9. Rd1 Qc7 10. b3 Re8 11. e4 b5 12. d5 bxc4 13. bxc4 Ba6 14. dxc6 Qxc6 15.
Ba3 Bf8 16. Nd2 Nb6 17. Nd5 Nbxd5 18. exd5 Qd7 19. Qc3 Rac8 20. c5 dxc5 21. Nc4
Qa4 22. Nb2 Qd7 23. d6 h5 24. Nc4 Bxc4 25. Qxc4 Bxd6 26. Qa6 Red8 27. Rab1 Qe6
28. Bf1 Be7 29. Qxe6 fxe6 30. Re1 Rc7 31. Rxe5 Kf7 32. Rbe1 Rc6 33. Bh3 Ng4 34.
R5e4 Rd4 35. R4e2 Rd3 36. Bc1 e5 37. Bf1 Rc7 38. h3 Nf6 39. Re3 Rd8 1-0

[Event "Amsterdam Chess Tournament 2005"]
[Site "Amsterdam NED"]
[Date "2005.07.19"]
[Round "4.24"]
[White "Witt, Rob"]
[Black "Jonkman, Harmen"]
[Result "1/2-1/2"]
[WhiteElo "2292"]
[BlackElo "2454"]
[PlyCount "148"]
[EventDate "2005.07.16"]
[EventType "tourn"]
[EventRounds "9"]
[EventCountry "NED"]
[Source "lmi"]
[SourceDate "2005.07.25"]

1. c4 e6 2. Nc3 d5 3. d4 Nf6 4. cxd5 exd5 5. Bg5 c6 6. e3 Bd6 7. Qc2 Nbd7 8.
Bd3 Nf8 9. Nge2 Ng6 10. Ng3 O-O 11. Nh5 Be7 12. Nf4 Ng4 13. Bxe7 Qxe7 14. Nce2
Bd7 15. O-O Nxf4 16. Nxf4 g5 17. Ne2 Qd6 18. Ng3 f5 19. Rfe1 Rae8 20. Nf1 Re7
21. Rad1 f4 22. exf4 Rxf4 23. f3 Nf6 24. Rxe7 Qxe7 25. Qe2 Qxe2 26. Bxe2 g4 27.
Ne3 gxf3 28. Bxf3 Ne8 29. Kf2 Nd6 30. g3 Rf8 31. Ke2 Be8 32. Bg2 Bh5+ 33. g4
Bg6 34. h3 Rf4 35. a4 Rf8 36. Rf1 Re8 37. Kd2 a5 38. b3 Kg7 39. Rf4 Ra8 40. h4
h6 41. Bf3 Ra6 42. Kc3 Ra8 43. Kd2 Re8 44. Bg2 b5 45. axb5 Nxb5 46. Bh1 Rf8 47.
Rxf8 Kxf8 48. Nc2 Bxc2 49. Kxc2 Nxd4+ 50. Kc3 Ne6 51. Bf3 Ke7 52. b4 axb4+ 53.
Kxb4 Kd6 54. Bd1 Ke5 55. Kc3 c5 56. Bf3 Nf4 57. Bd1 Ne6 58. Bf3 Nd4 59. Bh1
Ne2+ 60. Kd3 Nf4+ 61. Kc3 Ng6 62. g5 h5 63. Bf3 Nf4 64. Bd1 Ke4 65. g6 Ne6 66.
Bxh5 Kf5 67. Bf3 d4+ 68. Kc4 Kxg6 69. Bg4 Kf6 70. Kd5 Nf4+ 71. Kxc5 d3 72. Kd4
d2 73. Ke3 Ng2+ 74. Kxd2 Nxh4 1/2-1/2

[Event "Amsterdam Chess Tournament 2005"]
[Site "Amsterdam NED"]
[Date "2005.07.19"]
[Round "4.25"]
[White "Bosboom, Manuel"]
[Black "Van der Poel, Henk"]
[Result "1-0"]
[WhiteElo "2419"]
[BlackElo "2280"]
[PlyCount "63"]
[EventDate "2005.07.16"]
[EventType "tourn"]
[EventRounds "9"]
[EventCountry "NED"]
[Source "lmi"]
[SourceDate "2005.07.25"]

1. c4 e5 2. d3 Nf6 3. Nf3 Nc6 4. a3 a5 5. Bg5 Be7 6. Nc3 d6 7. e3 h6 8. Bxf6
Bxf6 9. Rb1 O-O 10. Be2 g6 11. Rg1 Ne7 12. g4 d5 13. cxd5 Nxd5 14. Ne4 Bg7 15.
g5 h5 16. Nh4 Re8 17. Bxh5 gxh5 18. Qxh5 Kf8 19. Rg3 Ra6 20. Rf3 Re7 21. Rc1
Kg8 22. Rc5 Be6 23. Nf6+ Nxf6 24. gxf6 Bxf6 25. Rxf6 Qxd3 26. Rh6 Qb1+ 27. Ke2
Qxb2+ 28. Kf3 e4+ 29. Kg3 f5 30. Ng6 f4+ 31. Nxf4 Rg7+ 32. Rg5 1-0

[Event "Amsterdam Chess Tournament 2005"]
[Site "Amsterdam NED"]
[Date "2005.07.19"]
[Round "4.27"]
[White "Pliester, Leon"]
[Black "Schoorl, Rob"]
[Result "1-0"]
[WhiteElo "2378"]
[BlackElo "2239"]
[PlyCount "81"]
[EventDate "2005.07.16"]
[EventType "tourn"]
[EventRounds "9"]
[EventCountry "NED"]
[Source "lmi"]
[SourceDate "2005.07.25"]

1. e4 e5 2. Nf3 Nc6 3. Bc4 Nf6 4. Ng5 d5 5. exd5 Na5 6. Bb5+ c6 7. dxc6 bxc6 8.
Bd3 h6 9. Ne4 Nd5 10. O-O g6 11. Re1 Bg7 12. Bf1 O-O 13. d3 Nb7 14. g3 f5 15.
Nec3 g5 16. Bg2 Nc5 17. Bd2 Rb8 18. Na3 Be6 19. Nxd5 cxd5 20. b4 Na4 21. c3 Qd7
22. Rc1 e4 23. Bf1 Rfc8 24. d4 Nb6 25. f4 Bf6 26. Be3 Qf7 27. Nb1 Rc7 28. Nd2
Rbc8 29. Ba6 Rxc3 30. Bxc8 Rxe3 31. Bxe6 Rxe1+ 32. Qxe1 Bxd4+ 33. Kf1 Qxe6 34.
b5 e3 35. Rc6 Qe8 36. Qe2 g4 37. h3 h5 38. hxg4 Kh7 39. Nf3 fxg4 40. Ng5+ Kg8
41. Qd3 1-0

[Event "Amsterdam Chess Tournament 2005"]
[Site "Amsterdam NED"]
[Date "2005.07.19"]
[Round "4.28"]
[White "Van Oosterom, Chiel"]
[Black "Van Delft, Merijn"]
[Result "0-1"]
[WhiteElo "2197"]
[BlackElo "2369"]
[PlyCount "126"]
[EventDate "2005.07.16"]
[EventType "tourn"]
[EventRounds "9"]
[EventCountry "NED"]
[Source "lmi"]
[SourceDate "2005.07.25"]

1. e4 c5 2. Nf3 d6 3. d4 cxd4 4. Nxd4 Nf6 5. Nc3 Nc6 6. Bc4 Qb6 7. Nxc6 bxc6 8.
O-O g6 9. Be3 Qc7 10. f4 Bg7 11. Bd4 O-O 12. Kh1 a5 13. e5 dxe5 14. Bxe5 Qb6
15. Qe2 Bf5 16. b3 Rad8 17. Rae1 h5 18. h3 h4 19. Qf2 Qxf2 20. Rxf2 Rd7 21. Kh2
Rfd8 22. Rfe2 e6 23. Na4 Rd2 24. Bc3 Rxc2 25. Rxc2 Bxc2 26. Rc1 Be4 27. Bxa5
Ra8 28. Bc3 Bh6 29. Rf1 Nh5 30. Be5 Rd8 31. Nc5 Bf5 32. a4 Rd2 33. a5 Bf8 34.
Na4 Be4 35. Rg1 c5 36. a6 Kh7 37. a7 f6 38. Bb8 e5 39. Nc3 Ba8 40. Bd5 Bh6 41.
Ra1 Bxf4+ 42. Kg1 Be3+ 43. Kh1 Rxd5 44. Nxd5 Bxd5 45. a8=Q Bxa8 46. Rxa8 Ng3+
47. Kh2 Nf1+ 48. Kh1 Ng3+ 49. Kh2 Kh6 50. Ba7 Nf1+ 51. Kh1 Ng3+ 52. Kh2 Kg5 53.
Rd8 Nf1+ 54. Kh1 Ng3+ 55. Kh2 Kf5 56. Rd1 Ke4 57. b4 cxb4 58. Bxe3 Kxe3 59. Rb1
e4 60. Rxb4 Kf2 61. Rb6 f5 62. Rxg6 e3 63. Ra6 e2 0-1

[Event "Amsterdam Chess Tournament 2005"]
[Site "Amsterdam NED"]
[Date "2005.07.19"]
[Round "4.29"]
[White "D'Costa, Lorin"]
[Black "Burg, Twan"]
[Result "1-0"]
[WhiteElo "2352"]
[BlackElo "2218"]
[PlyCount "101"]
[EventDate "2005.07.16"]
[EventType "tourn"]
[EventRounds "9"]
[EventCountry "NED"]
[Source "lmi"]
[SourceDate "2005.07.25"]

1. e4 c5 2. Nf3 d6 3. d4 cxd4 4. Nxd4 Nf6 5. Nc3 a6 6. a4 e6 7. g3 Nc6 8. Bg2
Qc7 9. O-O Be7 10. h3 O-O 11. Be3 Rd8 12. Qe2 Nxd4 13. Bxd4 e5 14. Be3 Be6 15.
Rfd1 h6 16. a5 Nd7 17. h4 Bc4 18. Qd2 b5 19. axb6 Nxb6 20. b3 Be6 21. Bf1 Qb7
22. Bxb6 Qxb6 23. Nd5 Bxd5 24. Qxd5 Ra7 25. Bc4 Bf6 26. Ra4 Kh7 27. Kg2 Be7 28.
Rda1 Rda8 29. Qd2 d5 30. Bxd5 Rb8 31. Bc4 a5 32. c3 Bd8 33. Qd5 Qf6 34. Qd2 Qg6
35. Bd5 Ra6 36. b4 Ra7 37. Qe3 Bb6 38. Qf3 Rc7 39. bxa5 Ba7 40. Rb4 Rbc8 41. c4
Rd8 42. Qf5 Qxf5 43. exf5 Bc5 44. Rb5 Rdc8 45. Rxc5 Rxc5 46. a6 Rxd5 47. cxd5
Kg8 48. a7 Ra8 49. d6 Kf8 50. Rb1 Rxa7 51. Rb8# 1-0

[Event "Amsterdam Chess Tournament 2005"]
[Site "Amsterdam NED"]
[Date "2005.07.19"]
[Round "4.30"]
[White "Ivanov, Jordan Mitev"]
[Black "Bachofner, Andreas"]
[Result "1-0"]
[WhiteElo "2347"]
[BlackElo "2177"]
[PlyCount "55"]
[EventDate "2005.07.16"]
[EventType "tourn"]
[EventRounds "9"]
[EventCountry "NED"]
[Source "lmi"]
[SourceDate "2005.07.25"]

1. d4 e6 2. c4 f5 3. Nc3 Nf6 4. Bg5 Be7 5. Bxf6 Bxf6 6. e4 fxe4 7. Nxe4 O-O 8.
Nf3 d5 9. Nxf6+ Qxf6 10. Qd2 Nd7 11. Rc1 c6 12. Rc3 e5 13. cxd5 exd4 14. Qxd4
Qxd4 15. Nxd4 cxd5 16. f3 Nf6 17. Kd2 Bd7 18. Rc7 Rab8 19. Bd3 Rfd8 20. Re1 Kf8
21. g4 g6 22. Ne6+ Bxe6 23. Rxe6 Nd7 24. Bb5 Nb6 25. Rxh7 Nc4+ 26. Kc3 a6 27.
Bd7 Kg8 28. Ree7 1-0

[Event "Amsterdam Chess Tournament 2005"]
[Site "Amsterdam NED"]
[Date "2005.07.19"]
[Round "4.31"]
[White "Narings, Niek"]
[Black "Ansell, Simon"]
[Result "1/2-1/2"]
[WhiteElo "2263"]
[BlackElo "2407"]
[PlyCount "130"]
[EventDate "2005.07.16"]
[EventType "tourn"]
[EventRounds "9"]
[EventCountry "NED"]
[Source "lmi"]
[SourceDate "2005.07.25"]

1. e4 c5 2. Nf3 Nc6 3. Bb5 e6 4. Bxc6 bxc6 5. d3 Ne7 6. h4 Qc7 7. h5 h6 8. e5
f6 9. Qe2 fxe5 10. Nxe5 d6 11. Nf3 e5 12. Nh4 Nf5 13. Ng6 Rg8 14. c3 Be6 15.
Nd2 O-O-O 16. Nf3 Qf7 17. O-O Ne7 18. Nfh4 Nxg6 19. Nxg6 c4 20. b3 cxd3 21.
Qxd3 Bf5 22. Qa6+ Qb7 23. Qa4 c5 24. b4 Be4 25. bxc5 dxc5 26. Re1 Bc6 27. Qg4+
Qd7 28. Qxd7+ Bxd7 29. Nxe5 Be8 30. Ng6 Bd6 31. Be3 Bxg6 32. hxg6 Rgf8 33. Rab1
Kc7 34. Rb5 a6 35. Ra5 Kb6 36. Ra4 Rf6 37. Rb1+ Kc7 38. Rg4 Re8 39. g3 Kc6 40.
Kg2 Bc7 41. Rd1 h5 42. Rg5 Re5 43. Rh1 Rxg5 44. Bxg5 Rxg6 45. Rxh5 Kb5 46. Be3
Rc6 47. Rh4 c4 48. Bd4 g6 49. f4 Ka4 50. Rh6 Bb6 51. Bxb6 Rxb6 52. Kf3 Rd6 53.
Ke4 Ka3 54. Ke5 Rb6 55. Kd4 Rf6 56. Rh2 Rc6 57. g4 a5 58. Kd5 Rc8 59. f5 gxf5
60. gxf5 a4 61. Rh4 Kxa2 62. Rxc4 Rd8+ 63. Ke6 a3 64. f6 Kb3 65. Rg4 a2 1/2-1/2

[Event "Amsterdam Chess Tournament 2005"]
[Site "Amsterdam NED"]
[Date "2005.07.19"]
[Round "4.33"]
[White "Buckley, Simon T"]
[Black "Monteban, Martijn"]
[Result "1-0"]
[WhiteElo "2333"]
[BlackElo "2260"]
[PlyCount "63"]
[EventDate "2005.07.16"]
[EventType "tourn"]
[EventRounds "9"]
[EventCountry "NED"]
[Source "lmi"]
[SourceDate "2005.07.25"]

1. d4 d5 2. Bg5 f6 3. Bh4 Nh6 4. f3 Nc6 5. e3 Nf5 6. Bf2 e5 7. dxe5 Nxe5 8. Qd2
c6 9. Nc3 Bb4 10. a3 Qa5 11. Nge2 O-O 12. Qc1 Bd6 13. b4 Qc7 14. e4 dxe4 15.
Nxe4 Be7 16. Nf4 a5 17. c3 Rd8 18. Be2 axb4 19. cxb4 Nd4 20. Bxd4 Rxd4 21. O-O
f5 22. Qe3 Rd8 23. Nc5 Bxc5 24. Qxc5 b6 25. Qc3 Re8 26. Rfe1 Bb7 27. Rad1 Rac8
28. Ne6 Rxe6 29. Bc4 Nxc4 30. Qxc4 Kh8 31. Qxe6 c5 32. Qe8+ 1-0

[Event "Amsterdam Chess Tournament 2005"]
[Site "Amsterdam NED"]
[Date "2005.07.19"]
[Round "4.34"]
[White "Markus, John Raymond"]
[Black "Wong, Zi Jing"]
[Result "1-0"]
[WhiteElo "2227"]
[BlackElo "2330"]
[PlyCount "127"]
[EventDate "2005.07.16"]
[EventType "tourn"]
[EventRounds "9"]
[EventCountry "NED"]
[Source "lmi"]
[SourceDate "2005.07.25"]

1. d4 Nf6 2. Nf3 c5 3. c3 b6 4. Bg5 Bb7 5. e3 g6 6. Nbd2 Bg7 7. Bd3 O-O 8. O-O
d6 9. Qe2 Nbd7 10. Rfd1 Re8 11. a4 Qc7 12. Ba6 d5 13. Bf4 Qc8 14. Bxb7 Qxb7 15.
h3 Rac8 16. Bh2 a6 17. Ne5 Nf8 18. Qf3 Ne6 19. h4 Rf8 20. Qe2 Ra8 21. g4 Ne8
22. g5 Nd6 23. Qg4 f5 24. Qh3 b5 25. axb5 axb5 26. dxc5 Nxc5 27. h5 Nce4 28.
hxg6 Nxg5 29. gxh7+ Nxh7 30. Ng6 Rxa1 31. Rxa1 Rf6 32. Qh5 Nf7 33. Nf3 Nf8 34.
Nxf8 Bxf8 35. Nd4 e6 36. Qe2 b4 37. Qa6 Qe7 38. Nc6 Rg6+ 39. Kf1 Qh4 40. Bg3
Qh3+ 41. Ke2 Qg2 42. Be5 Qe4 43. Qd3 Qg4+ 44. Kd2 Qg2 45. Qf1 Qe4 46. Qd3 Ng5
47. Qxe4 Nxe4+ 48. Ke2 bxc3 49. Bxc3 Rg2 50. Be1 Bd6 51. b4 Kf7 52. b5 Bc5 53.
Ra6 Nd6 54. Ne5+ Ke7 55. Nd3 Bxe3 56. Bb4 Bd4 57. Rxd6 Kf7 58. Bc5 Bxc5 59.
Nxc5 Rg4 60. b6 Rb4 61. Rxe6 Rb5 62. Rc6 Ke7 63. b7 d4 64. Rc8 1-0

[Event "Amsterdam Chess Tournament 2005"]
[Site "Amsterdam NED"]
[Date "2005.07.19"]
[Round "4.36"]
[White "Visser, Henk-Jan"]
[Black "Halay, Taufik"]
[Result "0-1"]
[WhiteElo "2221"]
[BlackElo "2320"]
[PlyCount "140"]
[EventDate "2005.07.16"]
[EventType "tourn"]
[EventRounds "9"]
[EventCountry "NED"]
[Source "lmi"]
[SourceDate "2005.07.25"]

1. d4 Nf6 2. c4 c5 3. d5 b5 4. cxb5 a6 5. b6 Qxb6 6. Nc3 d6 7. Nf3 g6 8. Nd2
Bg7 9. e4 O-O 10. Be2 a5 11. Nc4 Qa7 12. a4 Nbd7 13. Qc2 Nb6 14. Nb5 Qb8 15.
Ne3 Ne8 16. Ra2 Nc7 17. Nxc7 Qxc7 18. b3 Ba6 19. Bxa6 Rxa6 20. O-O Nd7 21. Bd2
Rb8 22. Nc4 Ne5 23. Na3 Qb6 24. Rb1 Raa8 25. h3 Rc8 26. Kh1 Qa6 27. Nc4 Rab8
28. Nxa5 Nd3 29. Nc4 Nxf2+ 30. Kh2 f5 31. exf5 Rf8 32. Be3 Nxh3 33. gxh3 Rxf5
34. Qe4 Be5+ 35. Kg2 Rbf8 36. Rd1 Qc8 37. Rdd2 Rf3 38. Qg4 Rg3+ 39. Qxg3 Bxg3
40. Kxg3 Qb7 41. Rd3 Qd7 42. Rf2 Rxf2 43. Bxf2 Qf5 44. Rd2 Qb1 45. Rb2 Qd3+ 46.
Ne3 Qc3 47. Rc2 Qxb3 48. Rc4 Kf7 49. Re4 Qb1 50. Rf4+ Ke8 51. Kh2 Qa2 52. Kg2
h5 53. Re4 Kd8 54. Rc4 g5 55. Kf3 Kd7 56. Kg3 Qb1 57. Kg2 e6 58. h4 g4 59. Rf4
exd5 60. Nxd5 Qb3 61. Nf6+ Kc6 62. Nxh5 Qd5+ 63. Kg3 Qxh5 64. Rxg4 Qe5+ 65. Kf3
Qd5+ 66. Ke3 Qb3+ 67. Ke2 c4 68. Rg3 Qb2+ 69. Ke1 c3 70. Bd4 Qd2+ 0-1

[Event "Amsterdam Chess Tournament 2005"]
[Site "Amsterdam NED"]
[Date "2005.07.19"]
[Round "4.37"]
[White "Breivik, Lars"]
[Black "De Boer, Sybolt"]
[Result "0-1"]
[WhiteElo "2217"]
[BlackElo "2320"]
[PlyCount "82"]
[EventDate "2005.07.16"]
[EventType "tourn"]
[EventRounds "9"]
[EventCountry "NED"]
[Source "lmi"]
[SourceDate "2005.07.25"]

1. d4 Nf6 2. Nf3 e6 3. e3 d5 4. Bd3 c5 5. b3 Nc6 6. Bb2 Bd6 7. O-O O-O 8. Nbd2
Qe7 9. Ne5 cxd4 10. exd4 Ba3 11. Bxa3 Qxa3 12. c3 Bd7 13. f4 Rfc8 14. f5 Be8
15. fxe6 fxe6 16. Ng4 Nd7 17. Nf3 Qe7 18. Qd2 Bh5 19. Ne3 Nf6 20. Rae1 Qd6 21.
Ng5 Re8 22. g4 Bg6 23. Bxg6 hxg6 24. Qg2 e5 25. Qh3 Re7 26. c4 dxc4 27. d5 Nd4
28. bxc4 e4 29. Qg2 Rae8 30. Kh1 Re5 31. Nh3 Nf3 32. Rc1 Qa3 33. Qe2 Nd7 34.
Nf4 Qd6 35. Ne6 R8xe6 36. dxe6 Nc5 37. Nd5 Qxe6 38. Qg2 Nd3 39. Rc2 Nde1 40.
Qe2 Nxc2 41. Qxc2 Qxg4 0-1

[Event "Amsterdam Chess Tournament 2005"]
[Site "Amsterdam NED"]
[Date "2005.07.19"]
[Round "4.38"]
[White "Van Beek, Alexander"]
[Black "Wempe, Joost"]
[Result "0-1"]
[WhiteElo "2312"]
[BlackElo "2228"]
[PlyCount "54"]
[EventDate "2005.07.16"]
[EventType "tourn"]
[EventRounds "9"]
[EventCountry "NED"]
[Source "lmi"]
[SourceDate "2005.07.25"]

1. d4 d5 2. c4 e6 3. Nf3 Nf6 4. Bg5 Be7 5. e3 O-O 6. Nc3 Nbd7 7. Qc2 a6 8. cxd5
exd5 9. Bd3 Re8 10. h3 c6 11. Bf4 c5 12. O-O g6 13. e4 cxd4 14. Nb5 dxe4 15.
Bxe4 Nc5 16. Nc7 Nfxe4 17. Nxa8 d3 18. Qc1 Bd6 19. b4 d2 20. Bxd2 Nd3 21. Qc2
Nxd2 22. Qxd2 Bxb4 23. Qc2 Bf5 24. Rad1 Qxa8 25. Nd4 Be4 26. f3 Qa7 27. Qc4 b5
0-1

[Event "Amsterdam Chess Tournament 2005"]
[Site "Amsterdam NED"]
[Date "2005.07.19"]
[Round "4.39"]
[White "Giddins, Stephen"]
[Black "Baquero, Luis A"]
[Result "1/2-1/2"]
[WhiteElo "2204"]
[BlackElo "2301"]
[PlyCount "75"]
[EventDate "2005.07.16"]
[EventType "tourn"]
[EventRounds "9"]
[EventCountry "NED"]
[Source "lmi"]
[SourceDate "2005.07.25"]

1. Nf3 g6 2. c4 Bg7 3. d4 Nf6 4. Nc3 d5 5. cxd5 Nxd5 6. e4 Nxc3 7. bxc3 c5 8.
Rb1 O-O 9. Be2 cxd4 10. cxd4 Qa5+ 11. Bd2 Qxa2 12. O-O Bg4 13. Bg5 h6 14. Be3
Nc6 15. d5 Na5 16. Rb4 b6 17. e5 Bxf3 18. Bxf3 Bxe5 19. d6 Bxd6 20. Ra4 Qb2 21.
Bxa8 Rxa8 22. Qf3 Rc8 23. Bxh6 Rc4 24. Rxc4 Nxc4 25. g3 b5 26. h4 Kh7 27. Bc1
Qf6 28. Qc6 Qf5 29. Kg2 a5 30. h5 gxh5 31. Rh1 a4 32. Rh4 Kg7 33. g4 hxg4 34.
Qe8 Qf3+ 35. Kg1 Qd1+ 36. Kg2 Qf3+ 37. Kg1 Qd1+ 38. Kg2 1/2-1/2

[Event "Amsterdam Chess Tournament 2005"]
[Site "Amsterdam NED"]
[Date "2005.07.19"]
[Round "4.40"]
[White "Bakker, Sven"]
[Black "Wunnink, Michael"]
[Result "0-1"]
[WhiteElo "2300"]
[BlackElo "2223"]
[PlyCount "74"]
[EventDate "2005.07.16"]
[EventType "tourn"]
[EventRounds "9"]
[EventCountry "NED"]
[Source "lmi"]
[SourceDate "2005.07.25"]

1. d4 Nf6 2. c4 g6 3. Nc3 d5 4. Bf4 Bg7 5. e3 c5 6. dxc5 Qa5 7. Rc1 Ne4 8. cxd5
Nxc3 9. Qd2 Qxa2 10. Rxc3 O-O 11. Bc4 Qa1+ 12. Rc1 Qxb2 13. Nf3 a5 14. Nd4
Qxd2+ 15. Kxd2 Nd7 16. Ba2 Nf6 17. Bc7 a4 18. f3 a3 19. Rc3 e6 20. dxe6 fxe6
21. Nxe6 Bxe6 22. Bxe6+ Kh8 23. Rc2 Rfe8 24. Ba2 Bh6 25. f4 Ne4+ 26. Ke2 Bg7
27. Kf3 Bb2 28. Be5+ Bxe5 29. Kxe4 Bb2+ 30. Kf3 Rad8 31. h4 Rd3 32. Re2 Bd4 33.
Rb1 Rdxe3+ 34. Rxe3 Rxe3+ 35. Kg4 h5+ 36. Kg5 Rg3+ 37. Kh6 Bg7# 0-1